[Event "Biel MTO op"]
[Site "Biel"]
[Date "2000.07.26"]
[Round "3"]
[White "Tukmakov, Vladimir B"]
[Black "Elfert, Aleksandr V"]
[Result "1-0"]
[WhiteElo "2582"]
[BlackElo "2412"]
[PlyCount "33"]
[EventDate "2000.07.24"]
[Source "ChessBase"]
[SourceDate "2000.09.14"]

1. Nf3 d5 2. d4 Bf5 3. c4 e6 4. Qb3 b6 5. Nc3 c6 6. g3 h6 7. Bg2 Nf6 8. Ne5 Ne4 9. cxd5 Nxc3 10. dxe6 Bxe6 11. Qxc3 Bd5 12. e4 a5 13. O-O Bb4 14. Qf3 Be6 15. d5 Qf6 16. dxe6 Qxe5 17. Qxf7+ 1-0

[Event "Tch (Men) 2005/2006 CZE"]
[Site "?"]
[Date "2006.01.14"]
[Round "7"]
[White "Konopka Michal"]
[Black "Antoniewski Rafal"]
[Result "0-1"]
[WhiteElo "2489"]
[BlackElo "2497"]
[PlyCount "98"]
[EventDate "2006.??.??"]
[Source "www.chesslib.no"]
[SourceDate "2004.05.04"]

1. Nf3 d5 2. d4 Bf5 3. c4 e6 4. Nc3 Nc6 5. Bf4 Nf6 6. e3 Bb4 7. Rc1 Ne4 8. Qa4 O-O 9. cxd5 exd5 10. Bb5 Bxc3+ 11. bxc3 Ne7 12. h3 Nc8 13. O-O Bd7 14. Bxd7 Nb6 15. Qb5 a6 16. Qb1 Qxd7 17. c4 Rfe8 18. c5 Nc4 19. Qxb7 Qe6 20. Bxc7 f6 21. Bh2 g5 22. c6 Rac8 23. c7 h5 24. Rfe1 Kf7 25. Re2 g4 26. hxg4 hxg4 27. Nh4 Rh8 28. Bg3 f5 29. Rcc2 Rh6 30. Rc1 Qd7 31. Rf1 Rb6 32. Qa7 Nc3 33. Rc2 Nb5 34. Qb8 Rbxb8 35. cxb8=Q Rxb8 36. Bxb8 Qd8 37. Bg3 f4 38. a4 Nba3 39. Ra2 fxg3 40. fxg3+ Ke6 41. Raf2 Nd6 42. Ng6 Qg5 43. Nf8+ Ke7 44. Rf4 Qg7 45. Rc1 Nac4 46. Rb1 Nxe3 47. Rb6 Nef5 48. Rb8 Nxg3 49. Kf2 Nh5 0-1

[Event "Brno"]
[Site "Brno"]
[Date "1992.??.??"]
[Round "9"]
[White "Schlosser, Philipp"]
[Black "Hracek, Zbynek"]
[Result "1-0"]
[WhiteElo "2500"]
[BlackElo "2480"]
[PlyCount "71"]
[EventDate "1992.08.??"]
[Source "ChessBase"]

1. Nf3 d5 2. d4 Bf5 3. c4 e6 4. Bg5 Be7 5. Bxe7 Nxe7 6. Nc3 O-O 7. e3 c6 8. Be2 Nd7 9. O-O Qb6 10. Qd2 dxc4 11. Bxc4 Rad8 12. h3 e5 13. Rfe1 h6 14. e4 Bg6 15. d5 Qb4 16. Bb3 Bh5 17. g4 Bg6 18. Rad1 Kh8 19. Qe3 c5 20. Ba4 Nb6 21. a3 Qa5 22. Bb5 a6 23. Bf1 Nd7 24. Nd2 b5 25. Ra1 Nc8 26. b4 Qc7 27. Nb3 c4 28. Nc5 Nxc5 29. bxc5 Qa5 30. Reb1 Ne7 31. Rb4 Rc8 32. c6 Nxc6 33. dxc6 Rxc6 34. Nd5 Rd8 35. f3 f6 36. Ne7 1-0

[Event "Cappelle Open"]
[Site "Cappelle la Grande FRA"]
[Date "1995.??.??"]
[Round "4"]
[White "Burmakin, Vladimir"]
[Black "Schlindwein, Rolf"]
[Result "0-1"]
[WhiteElo "2555"]
[BlackElo "2425"]
[PlyCount "76"]
[EventDate "1995.03.??"]
[Source "www.chesslib.no"]
[SourceDate "2004.05.04"]

1. d4 d5 2. Nf3 Bf5 3. c4 e6 4. Qb3 Nc6 5. e3 Nf6 6. c5 Rb8 7. Bb5 Nd7 8. Bxc6 bxc6 9. Qa4 Bd3 10. Nc3 Be7 11. Qxc6 O-O 12. b3 Bf6 13. Ba3 Qc8 14. O-O-O Bg6 15. g4 Re8 16. h4 h5 17. g5 Be7 18. Ne5 Nxe5 19. dxe5 Rb6 20. cxb6 Bxa3+ 21. Kd2 cxb6 22. Qa4 Bb2 23. Rc1 Qb8 24. Ne2 Rc8 25. Rxc8+ Qxc8 26. b4 Qc4 27. Qb3 Qe4 28. Rf1 Bxe5 29. f4 Bd6 30. a3 a5 31. bxa5 bxa5 32. Qc3 Kh7 33. Rc1 e5 34. fxe5 Bxe5 35. Qxa5 Qd3+ 36. Ke1 Qxe3 37. Qxd5 Bd3 38. g6+ fxg6 0-1

[Event "Kavala op 11th"]
[Site "Kavala"]
[Date "2002.08.17"]
[Round "9"]
[White "Hellsten, Johan"]
[Black "Miladinovic, Igor"]
[Result "1/2-1/2"]
[WhiteElo "2477"]
[BlackElo "2501"]
[PlyCount "38"]
[EventDate "2002.08.10"]
[Source "ChessBase"]
[SourceDate "2002.09.11"]

1. d4 d5 2. Nf3 Bf5 3. c4 e6 4. Nc3 Nc6 5. cxd5 exd5 6. a3 Bg4 7. Bg5 Be7 8. Bxe7 Ngxe7 9. e3 a6 10. Be2 Qd6 11. O-O O-O 12. Rc1 Bxf3 13. Bxf3 Nd8 14. e4 dxe4 15. Nxe4 Qb6 16. Nc5 Qxb2 17. Nxb7 Nxb7 18. Rxc7 Qxa3 19. Rxb7 Rad8 1/2-1/2

[Event "8. Open"]
[Site "?"]
[Date "2005.08.21"]
[Round "5"]
[White "Moskalenko Viktor"]
[Black "Fluvia Jordi"]
[Result "1/2-1/2"]
[WhiteElo "2534"]
[BlackElo "2443"]
[PlyCount "82"]
[EventDate "2005.??.??"]
[Source "www.chesslib.no"]
[SourceDate "2004.05.04"]

1. d4 d5 2. Nf3 Bf5 3. c4 e6 4. Nc3 Bb4 5. a3 Bxc3+ 6. bxc3 Nc6 7. cxd5 exd5 8. e3 Nf6 9. c4 O-O 10. Bd3 Bxd3 11. Qxd3 Na5 12. cxd5 Qxd5 13. Bd2 Nb3 14. Rb1 Nxd2 15. Qxd2 c5 16. O-O c4 17. Qb4 Rab8 18. a4 Rfc8 19. Rfc1 Ne4 20. Qb5 Qe6 21. d5 Qg6 22. Nd4 Rc5 23. Nc6 Qd6 24. Qb4 Re8 25. Qxb7 h6 26. Nd4 Rxd5 27. Rb5 Rxd4 28. exd4 Nc3 29. Re5 Ne2+ 30. Rxe2 Rxe2 31. Qc8+ Kh7 32. Qxc4 Qf4 33. Qxe2 Qxc1+ 34. Qf1 Qd2 35. Qa1 a5 36. g3 g6 37. h4 h5 38. Kf1 Qd3+ 39. Kg2 Qd2 40. Kf1 Qd3+ 41. Ke1 Qc2 1/2-1/2

[Event "World Cup VII Final"]
[Site "Cork World Cup VII Final"]
[Date "1994.??.??"]
[Round "?"]
[White "Krivonosovs, Valerijs"]
[Black "Popov, Albert E"]
[Result "1/2-1/2"]
[WhiteElo "2490"]
[BlackElo "2485"]
[PlyCount "32"]
[EventDate "1994.??.??"]
[Source "www.chesslib.no"]
[SourceDate "2004.05.04"]

1. Nf3 d5 2. d4 Bf5 3. c4 e6 4. Nc3 Nf6 5. Bg5 c6 6. Bxf6 gxf6 7. e3 Nd7 8. cxd5 cxd5 9. Bd3 Bxd3 10. Qxd3 f5 11. Qb5 Rb8 12. Ne5 a6 13. Qxd7+ Qxd7 14. Nxd7 Kxd7 15. Rc1 b5 16. Kd2 Rg8 1/2-1/2

[Event "Cannes op FIDE"]
[Site "Cannes"]
[Date "1999.08.03"]
[Round "4"]
[White "Delchev, Aleksander"]
[Black "Zaja, Ivan"]
[Result "1-0"]
[WhiteElo "2521"]
[BlackElo "2446"]
[PlyCount "89"]
[EventDate "1999.07.31"]
[Source "www.chesslib.no"]
[SourceDate "2004.05.04"]

1. Nf3 d5 2. d4 Bf5 3. c4 e6 4. Nc3 Nc6 5. cxd5 exd5 6. Bf4 Nf6 7. e3 Bd6 8. Bg5 Ne7 9. Bd3 Ne4 10. Bxe7 Bxe7 11. Qc2 Nxc3 12. Bxf5 Nb5 13. Bxh7 g6 14. Bxg6 fxg6 15. Qxg6+ Kf8 16. Ne5 Qe8 17. Qf5+ Kg7 18. Qg4+ Kh7 19. O-O Rg8 20. Qh3+ Kg7 21. f4 Nd6 22. Rf3 Ne4 23. Qg4+ Kf6 24. Nd7+ Kf7 25. Ne5+ Kf6 26. Nd7+ Kf7 27. Qf5+ Nf6 28. Nxf6 Bxf6 29. Qxd5+ Kf8 30. Qxb7 Rg7 31. Qb4+ Be7 32. Qe1 Rb8 33. b3 Rb6 34. Rc1 Bb4 35. Qf2 Rbg6 36. g3 Qe4 37. f5 Rh6 38. Rf4 Qd3 39. f6 Rgh7 40. Qf3 Bd6 41. Rg4 Qd2 42. Qa8+ Kf7 43. Qg8+ Kxf6 44. Rf1+ Ke7 45. Re4+ 1-0

[Event "URS-ch48 sf Krasnojarsk"]
[Site "Krasnojarsk"]
[Date "1980.??.??"]
[Round "?"]
[White "Dorfman, Josif D"]
[Black "Lutikov, Anatoly S"]
[Result "1-0"]
[WhiteElo "2540"]
[BlackElo "2425"]
[PlyCount "85"]
[EventDate "1980.??.??"]
[Source "www.chesslib.no"]
[SourceDate "2004.05.04"]

1. d4 d5 2. Nf3 Bf5 3. c4 e6 4. cxd5 exd5 5. Qb3 Nc6 6. Bd2 Rb8 7. Nc3 Nf6 8. Bg5 Bb4 9. e3 Be6 10. Bb5 O-O 11. O-O Bd6 12. Bxc6 bxc6 13. Qc2 h6 14. Bh4 g5 15. Bg3 Qe8 16. Ne5 Ng4 17. Nxg4 Bxg4 18. Rae1 f5 19. Na4 Bb4 20. f3 Bh5 21. Re2 Bd6 22. Rc1 Bg6 23. Qd2 Qe7 24. Nc5 Rbc8 25. Be5 Bxe5 26. dxe5 f4 27. exf4 Rxf4 28. b4 Rb8 29. Nb3 Rb6 30. a3 Ra6 31. Nd4 Be8 32. Re3 Rb6 33. Rc5 Qh7 34. g3 Qb1+ 35. Kg2 Rf8 36. Re1 Qg6 37. Qc2 Qf7 38. Re3 g4 39. f4 Qh5 40. Kg1 a5 41. Rxa5 Bg6 42. Qe2 Be4 43. Rc5 1-0

[Event "BUL-ch 65th"]
[Site "Tsarevo"]
[Date "2001.05.15"]
[Round "5"]
[White "Cheparinov, Ivan"]
[Black "Chatalbashev, Boris"]
[Result "0-1"]
[WhiteElo "2444"]
[BlackElo "2518"]
[PlyCount "84"]
[EventDate "2001.05.11"]
[Source "ChessBase"]
[SourceDate "2001.07.03"]

1. d4 d5 2. Nf3 Bf5 3. c4 e6 4. Nc3 Nf6 5. Bg5 c6 6. Qb3 Qb6 7. c5 Qc7 8. Bf4 Qc8 9. Nh4 Bg6 10. Nxg6 hxg6 11. e4 dxe4 12. Qc2 Nbd7 13. Nxe4 Nxe4 14. Qxe4 Nf6 15. Qf3 Nd5 16. Be5 b6 17. Bd3 bxc5 18. O-O cxd4 19. Rac1 Qd7 20. h3 Bd6 21. Bxg7 Rh4 22. Rfe1 Rb8 23. g3 Rxh3 24. Bxg6 fxg6 25. Qg4 Kf7 26. Qxh3 Kxg7 27. Rxe6 Nf6 28. Rce1 Re8 29. Kg2 Rh8 30. Re7+ Qxe7 31. Rxe7+ Bxe7 32. Qe6 Nd5 33. Qxc6 Rd8 34. Kf1 d3 35. Ke1 Nf6 36. Qc4 a5 37. a3 d2+ 38. Kd1 g5 39. g4 Rd5 40. Qc7 Kf7 41. Qc4 Bd6 42. Qc6 Bf4 0-1

[Event "Lone Pine op"]
[Site "Lone Pine"]
[Date "1978.??.??"]
[Round "4"]
[White "Rogoff, Kenneth"]
[Black "Balinas, Rosendo Carrean"]
[Result "1-0"]
[WhiteElo "2520"]
[BlackElo "2440"]
[PlyCount "64"]
[EventDate "1978.04.??"]
[Source "ChessBase"]

1. d4 Nf6 2. c4 d5 3. cxd5 Qxd5 4. Nc3 Qh5 5. Nf3 Bg4 6. Qb3 Bc8 7. e4 Qa5 8. e5 Ne4 9. Qd5 Qxd5 10. Nxd5 Kd8 11. Bd3 Bf5 12. Ke2 e6 13. Nf4 h6 14. h4 c5 15. Rd1 Nc6 16. d5 Nb4 17. Bb1 c4 18. dxe6+ Ke8 19. a3 Nc6 20. exf7+ Kxf7 21. Nd4 Bg4+ 22. f3 Nxd4+ 23. Rxd4 Ng3+ 24. Ke1 Be6 25. Bg6+ Ke7 26. Rd6 Bf7 27. Bd2 h5 28. Bb4 Ke8 29. Re6+ Kd7 30. Rd1+ Kc7 31. Bxf7 Bxb4+ 32. axb4 Rhf8 1-0

[Event "E0194, DESC"]
[Site "?"]
[Date "1999.??.??"]
[Round "?"]
[White "Riepe, Bernhard"]
[Black "Rosek, Holger"]
[Result "1-0"]
[WhiteElo "2480"]
[BlackElo "2480"]
[PlyCount "93"]
[EventDate "1999.??.??"]
[Source "www.chesslib.no"]
[SourceDate "2004.05.04"]

1. d4 Nf6 2. c4 d5 3. cxd5 Bf5 4. Qa4+ Qd7 5. Qxd7+ Nbxd7 6. Nc3 e5 7. dxe6 Bxe6 8. e4 Bb4 9. d5 Bg4 10. f3 Bh5 11. Nge2 O-O 12. Nf4 g5 13. Nxh5 Nxh5 14. Bxg5 a6 15. g4 Ne5 16. gxh5 Nxf3+ 17. Ke2 Nxg5 18. Rg1 h6 19. h4 Bc5 20. Rg2 f6 21. e5 Rae8 22. e6 c6 23. Ne4 Bd4 24. Kd3 cxd5 25. Nxg5 fxg5 26. Kxd4 Rf4+ 27. Kxd5 Rxh4 28. Be2 Rb4 29. b3 Rb6 30. Bg4 Rd8+ 31. Ke5 Kg7 32. Rf1 Rb5+ 33. Ke4 Rb4+ 34. Ke3 Rf8 35. Rgf2 Re8 36. Rf7+ Kg8 37. e7 Rxe7+ 38. Rxe7 Rxg4 39. Rf6 Rg3+ 40. Ke4 Rg1 41. Rxb7 Re1+ 42. Kd3 Rd1+ 43. Ke4 Re1+ 44. Kf5 Rf1+ 45. Kg6 Rxf6+ 46. Kxf6 Kf8 47. Rb8# 1-0

[Event "Krumbach Open"]
[Site "Krumbach"]
[Date "1991.??.??"]
[Round "5"]
[White "Bischoff, Klaus"]
[Black "Dragomarezkij, Evgeni"]
[Result "1/2-1/2"]
[WhiteElo "2495"]
[BlackElo "2455"]
[PlyCount "58"]
[EventDate "1991.03.??"]
[Source "www.chesslib.no"]
[SourceDate "2004.05.04"]

1. d4 d5 2. Nf3 c5 3. c4 cxd4 4. cxd5 Nf6 5. Qxd4 Qxd5 6. Nc3 Qxd4 7. Nxd4 a6 8. g3 e5 9. Nb3 Bd7 10. Bg2 Bc6 11. O-O Bb4 12. Bg5 Bxg2 13. Kxg2 Nbd7 14. Bxf6 Nxf6 15. Rac1 Ke7 16. Na4 Rac8 17. Nb6 Rxc1 18. Rxc1 Rb8 19. f4 exf4 20. gxf4 Bd6 21. Kf3 Kd8 22. e4 Bc7 23. Nc4 Nd7 24. Ne3 Rc8 25. Rd1 Bb6 26. Nd5 Ke8 27. Rc1 Rxc1 28. Nxc1 Bd4 29. Nd3 f6 1/2-1/2

[Event "Tuzla"]
[Site "Tuzla"]
[Date "1983.??.??"]
[Round "9"]
[White "Kurajica, Bojan"]
[Black "Milovanovic, Rade"]
[Result "0-1"]
[WhiteElo "2525"]
[BlackElo "2415"]
[PlyCount "86"]
[EventDate "1983.10.??"]
[Source "ChessBase"]

1. d4 d5 2. Nf3 Bf5 3. c4 e6 4. cxd5 exd5 5. Nc3 c6 6. g3 Nf6 7. Bg2 Be7 8. O-O h6 9. a3 Nbd7 10. Ne1 O-O 11. f3 c5 12. Be3 Re8 13. Bf2 Qb6 14. Nd3 cxd4 15. Na4 Qb5 16. Bxd4 Bd6 17. Nc3 Qc4 18. Nc1 Bc5 19. Nb3 Bc2 20. Qxc2 Bxd4+ 21. Nxd4 Qxd4+ 22. Kh1 Qe3 23. Qd1 Nb6 24. Nb5 Qc5 25. a4 Nc4 26. Qd4 Rac8 27. Bh3 Ne3 28. Bxc8 Qxc8 29. Rg1 Nc2 30. Qd1 Nxa1 31. Nd6 Qc6 32. Nxe8 Qxe8 33. Qxa1 Qxe2 34. Rf1 d4 35. b3 d3 36. Qd1 Qe3 37. Re1 Qf2 38. Rf1 Qe3 39. Re1 Qf2 40. a5 d2 41. Rf1 Qe3 42. Qc2 g5 43. Kg2 Nd5 0-1

[Event "Linares NL op 7th"]
[Site "Linares"]
[Date "2000.06.26"]
[Round "8"]
[White "Estay, Oscar2"]
[Black "Short, Nigel D"]
[Result "0-1"]
[WhiteElo "2255"]
[BlackElo "2683"]
[PlyCount "54"]
[EventDate "2000.06.24"]
[Source "www.chesslib.no"]
[SourceDate "2004.05.04"]

1. Nf3 d5 2. d4 Bf5 3. c4 e6 4. Nc3 Nc6 5. a3 Nf6 6. Bg5 Be7 7. e3 O-O 8. Bxf6 Bxf6 9. cxd5 exd5 10. Bd3 Bxd3 11. Qxd3 Na5 12. b4 Nc4 13. Nd2 Nb6 14. O-O c6 15. a4 a5 16. b5 Be7 17. Rfb1 Re8 18. Nb3 Bb4 19. Rc1 Re6 20. Ne2 Nc4 21. bxc6 bxc6 22. Ng3 Qg5 23. Nc5 Bxc5 24. dxc5 Rg6 25. Rab1 Qe7 26. Qd4 Ne5 27. Rb6 h5 0-1

[Event "Barbera op"]
[Site "Barbera"]
[Date "1999.??.??"]
[Round "7"]
[White "Stefanova, Antoaneta"]
[Black "Mitkov, Nikola"]
[Result "1/2-1/2"]
[WhiteElo "2452"]
[BlackElo "2483"]
[PlyCount "70"]
[EventDate "1999.??.??"]
[Source "www.chesslib.no"]
[SourceDate "2004.05.04"]

1. d4 d5 2. Nf3 Bf5 3. c4 e6 4. Qb3 Nc6 5. a3 a6 6. Nc3 dxc4 7. Qxc4 Nf6 8. g3 Nd5 9. Bg2 Nxc3 10. bxc3 Be4 11. O-O Qd5 12. Qxd5 exd5 13. Bf4 O-O-O 14. Bh3+ Kb8 15. Nd2 Bg6 16. Rfe1 Be7 17. e4 dxe4 18. Nxe4 Rhe8 19. Bg2 Bf8 20. a4 Na5 21. h4 f6 22. g4 h6 23. h5 Bh7 24. Bf3 Re6 25. Nc5 Rxe1+ 26. Rxe1 Bxc5 27. dxc5 Kc8 28. c4 Rd4 29. Bg3 Kd8 30. Bd5 Bc2 31. Kh2 Rd1 32. Re3 Rd3 33. Re1 Rd1 34. Re3 Rd3 35. Re1 Rd1 1/2-1/2

[Event "Arco di Trento op2"]
[Site "Arco di Trento"]
[Date "1997.??.??"]
[Round "4"]
[White "Sulava, Nenad"]
[Black "Godena, Michele"]
[Result "0-1"]
[WhiteElo "2380"]
[BlackElo "2545"]
[PlyCount "80"]
[EventDate "1997.??.??"]
[Source "www.chesslib.no"]
[SourceDate "2004.05.04"]

1. d4 d5 2. Nf3 Bf5 3. c4 e6 4. Nc3 Nc6 5. a3 Nf6 6. Bg5 Be7 7. Bxf6 Bxf6 8. e3 O-O 9. Bd3 dxc4 10. Bxc4 Na5 11. Ba2 c5 12. O-O cxd4 13. Nxd4 Bg6 14. Qg4 Nc6 15. Rad1 Nxd4 16. exd4 Qb6 17. Rd2 Rad8 18. d5 Qa5 19. Qb4 Qxb4 20. axb4 Rd7 21. Rdd1 e5 22. Bb3 Be7 23. Ba4 Rdd8 24. Rfe1 f6 25. b5 Bc5 26. Ne4 Bd4 27. b4 Bf7 28. d6 f5 29. Nc5 b6 30. Nb3 Rxd6 31. Nxd4 exd4 32. Re7 Re8 33. Rxa7 d3 34. Kf1 d2 35. Rxf7 Kxf7 36. Bc2 Kf6 37. f3 Rd4 38. Kf2 Re1 39. Rxe1 dxe1=Q+ 40. Kxe1 Rxb4 0-1

[Event "URS-ch U26"]
[Site "Jurmala"]
[Date "1983.??.??"]
[Round "?"]
[White "Chernin, Alexander"]
[Black "Vyzmanavin, Alexey"]
[Result "1/2-1/2"]
[WhiteElo "2455"]
[BlackElo "2460"]
[PlyCount "55"]
[EventDate "1983.??.??"]
[Source "ChessBase"]

1. Nf3 d5 2. d4 Bf5 3. c4 e6 4. Nc3 Nf6 5. Bg5 c6 6. Qb3 Qb6 7. cxd5 exd5 8. Qxb6 axb6 9. Bxf6 gxf6 10. Nh4 Be6 11. e3 b5 12. Bd3 Nd7 13. Kd2 Nb6 14. a3 Kd7 15. Kc2 Bd6 16. Nf5 Bc7 17. Na2 Nc4 18. Nc1 Ra7 19. Nb3 b6 20. Rhe1 Ra4 21. f4 Nd6 22. Nxd6 Kxd6 23. Nd2 Rha8 24. e4 Rxd4 25. exd5 Bxd5 26. Ne4+ Ke7 27. Nc3+ Kf8 28. Nxd5 1/2-1/2

[Event "Novi Sad ol (Men)"]
[Site "Novi Sad YUG"]
[Date "1990.??.??"]
[Round "13"]
[White "Muco, Fatos"]
[Black "Motwani, Paul"]
[Result "1/2-1/2"]
[WhiteElo "2440"]
[BlackElo "2470"]
[PlyCount "31"]
[EventDate "1990.11.??"]
[Source "www.chesslib.no"]
[SourceDate "2004.05.04"]

1. Nf3 d5 2. d4 c5 3. c4 cxd4 4. cxd5 Nf6 5. Qxd4 Qxd5 6. Nc3 Qxd4 7. Nxd4 Bd7 8. e4 Nc6 9. Nxc6 Bxc6 10. f3 e6 11. Be3 Bb4 12. Rc1 Ke7 13. a3 Bd6 14. Nb5 Bxb5 15. Bxb5 Rhc8 16. O-O 1/2-1/2

[Event "BLR-ch"]
[Site "?"]
[Date "1983.??.??"]
[Round "10"]
[White "Yuferov Sergey  N"]
[Black "Vyzmanavin Alexey"]
[Result "0-1"]
[WhiteElo "2430"]
[BlackElo "2480"]
[PlyCount "82"]
[EventDate "1983.??.??"]
[Source "www.chesslib.no"]
[SourceDate "2004.05.04"]

1. Nf3 d5 2. d4 Bf5 3. c4 e6 4. Nc3 Nf6 5. cxd5 exd5 6. Qb3 Nc6 7. Bg5 Na5 8. Qa4+ c6 9. Bxf6 gxf6 10. e3 b5 11. Qd1 Nc4 12. Bxc4 bxc4 13. Qa4 Qd7 14. e4 dxe4 15. Nh4 Be6 16. Nxe4 Be7 17. O-O O-O 18. Rfd1 Kh8 19. Nc5 Bxc5 20. dxc5 Qb7 21. Rd2 Rg8 22. Rad1 Rg4 23. g3 Rag8 24. Rd8 Qxb2 25. Rxg8+ Rxg8 26. Ng2 a5 27. Ne3 Qb5 28. Qc2 Qxc5 29. Rc1 Rd8 30. Qb2 Kg7 31. h4 Rd3 32. Qe2 Qd4 33. Qc2 c3 34. a3 Qe4 35. Qe2 Bd5 36. Qg4+ Qxg4 37. Nxg4 c2 38. Ne3 Bb3 39. Nxc2 Rc3 40. Rb1 Bxc2 41. Rc1 Rc4 0-1

[Event "Andorra la Vella op"]
[Site "Andorra la Vella"]
[Date "1999.06.28"]
[Round "3"]
[White "Pogorelov, Ruslan"]
[Black "Westerinen, Heikki MJ"]
[Result "1-0"]
[WhiteElo "2507"]
[BlackElo "2399"]
[PlyCount "135"]
[EventDate "1999.06.27"]
[Source "www.chesslib.no"]
[SourceDate "2004.05.04"]

1. Nf3 d5 2. d4 Bf5 3. c4 e6 4. Nc3 Nf6 5. Qb3 Nc6 6. Bg5 Na5 7. Qa4+ c6 8. Bxf6 gxf6 9. cxd5 exd5 10. e3 Qb6 11. O-O-O O-O-O 12. Bd3 Bg6 13. h4 Rg8 14. Bxg6 fxg6 15. h5 Nc4 16. Qc2 Kb8 17. Nd2 Nxd2 18. Qxd2 Rd7 19. Qc2 f5 20. Kb1 Bd6 21. g3 Rf7 22. hxg6 hxg6 23. Rh6 Bf8 24. Rh3 Bb4 25. Rdh1 Bxc3 26. Qxc3 Qd8 27. Qc5 Qe7 28. Qxe7 Rxe7 29. b4 Kc7 30. Kc2 Kd6 31. Rh8 Rxh8 32. Rxh8 Ke6 33. a4 a6 34. Kd3 Kf6 35. Rc8 Ke6 36. b5 axb5 37. axb5 cxb5 38. Rc5 Kd6 39. Rxb5 Kc6 40. Rc5+ Kd6 41. Rc8 Rg7 42. Rd8+ Ke6 43. Re8+ Kd7 44. Rb8 Ke6 45. Ke2 Kd6 46. Kf3 Kc6 47. Kf4 b5 48. Kg5 Rb7 49. Rc8+ Rc7 50. Rh8 b4 51. Kxg6 b3 52. Rh1 Kb5 53. Kxf5 Kb4 54. Ke6 b2 55. Rb1 Kb3 56. Kxd5 Rc1 57. Rxb2+ Kxb2 58. Ke5 Kc3 59. d5 Kc4 60. e4 Kc5 61. f4 Rg1 62. f5 Rxg3 63. f6 Rg8 64. f7 Ra8 65. Ke6 Ra6+ 66. Ke7 Ra7+ 67. Kf6 Ra8 68. Kg7 1-0

[Event "Lippstadt"]
[Site "Lippstadt"]
[Date "1992.??.??"]
[Round "?"]
[White "Schmidt, Wlodzimierz"]
[Black "Arkhipov, Sergey"]
[Result "1/2-1/2"]
[WhiteElo "2420"]
[BlackElo "2485"]
[PlyCount "122"]
[EventDate "1992.07.??"]
[Source "ChessBase"]

1. Nf3 d5 2. d4 Bf5 3. c4 e6 4. Qb3 Nc6 5. c5 Rb8 6. Bf4 f6 7. Nc3 g5 8. Bg3 Nge7 9. e3 Bg7 10. Be2 O-O 11. h4 g4 12. Nh2 h5 13. f3 b6 14. cxb6 Rxb6 15. Qd1 gxf3 16. Bxf3 Nb4 17. O-O Nc2 18. Qe2 Bh6 19. Bf2 Rxb2 20. Rab1 Rxb1 21. Rxb1 Qd6 22. Rb3 a5 23. Na4 e5 24. Bxh5 Nc6 25. Nf3 N2b4 26. Nc5 e4 27. Ne1 Rb8 28. a3 Nd3 29. Rxb8+ Nxb8 30. Nexd3 exd3 31. Qf3 Bh7 32. Bg3 Qd8 33. Ne6 Qe7 34. Qxd5 Kh8 35. Bf4 Bxf4 36. exf4 Nd7 37. f5 Nb6 38. Qxa5 Qd6 39. Qc5 d2 40. Nxc7 Qxc5 41. dxc5 Na4 42. Ne8 Bxf5 43. Nxf6 Nc3 44. Kf2 Kg7 45. Ne8+ Kh6 46. Be2 d1=Q 47. Bxd1 Nxd1+ 48. Kg3 Be4 49. Nd6 Ba8 50. Nb5 Ne3 51. Nd4 Nxg2 52. c6 Ne3 53. c7 Bb7 54. Nb5 Nc4 55. Kf4 Ba6 56. a4 Bb7 57. Kf5 Kh5 58. Kf6 Kxh4 59. Ke7 Nb6 60. Nc3 Kg4 61. Kd8 Kf5 1/2-1/2

[Event "Moscow Open"]
[Site "Moscow RUS"]
[Date "1994.??.??"]
[Round "1"]
[White "Fominyh, Alexander"]
[Black "Vlassov, Nikolai"]
[Result "1-0"]
[WhiteElo "2515"]
[BlackElo "2390"]
[PlyCount "35"]
[EventDate "1994.??.??"]
[Source "www.chesslib.no"]
[SourceDate "2004.05.04"]

1. d4 d5 2. Nf3 Bf5 3. c4 e6 4. Qb3 Nc6 5. Bg5 Nxd4 6. Nxd4 Qxg5 7. Nc3 O-O-O 8. cxd5 exd5 9. g3 g6 10. Bg2 Nf6 11. h4 Qg4 12. Rd1 Qh5 13. Nxf5 gxf5 14. Nxd5 Nxd5 15. Rxd5 Rxd5 16. Bxd5 c6 17. Bxf7 Qg4 18. Qe6+ 1-0

[Event "Cannes Martinez Open"]
[Site "Cannes FRA"]
[Date "1992.??.??"]
[Round "?"]
[White "Rotstein, Arkadij"]
[Black "Haik, Aldo"]
[Result "1-0"]
[WhiteElo "2515"]
[BlackElo "2385"]
[PlyCount "67"]
[EventDate "1992.07.??"]
[Source "www.chesslib.no"]
[SourceDate "2004.05.04"]

1. Nf3 d5 2. d4 Bf5 3. c4 e6 4. cxd5 exd5 5. Qb3 Nc6 6. Bd2 a5 7. Nc3 Nf6 8. a3 Be7 9. Qxb7 Ra7 10. Qb3 O-O 11. Rc1 a4 12. Qa2 Ne4 13. e3 Nxd2 14. Nxd2 Nxd4 15. Qxd5 Nc2+ 16. Kd1 Qc8 17. Rxc2 c6 18. Qc4 Rd8 19. Kc1 Ra5 20. Nce4 Rad5 21. Be2 Qa8 22. Rd1 c5 23. Bf3 Be6 24. Qf1 Qa5 25. Nc4 Rxd1+ 26. Bxd1 Qb5 27. Be2 Qb3 28. Rc3 Qa2 29. Kc2 Rb8 30. Qb1 Qxb1+ 31. Kxb1 f5 32. Ned2 Bf6 33. Rd3 Kf8 34. Rd6 1-0

[Event "Buenos Aires ARG"]
[Site "Buenos Aires ARG"]
[Date "1995.??.??"]
[Round "?"]
[White "Spangenberg, Hugo H"]
[Black "Paglilla, Carlos"]
[Result "1-0"]
[WhiteElo "2500"]
[BlackElo "2400"]
[PlyCount "75"]
[EventDate "1995.??.??"]
[Source "www.chesslib.no"]
[SourceDate "2004.05.04"]

1. d4 d5 2. Nf3 c5 3. c4 cxd4 4. cxd5 Nf6 5. Qa4+ Qd7 6. Qxd4 Qxd5 7. Nc3 Qxd4 8. Nxd4 a6 9. e4 e5 10. Nb3 Bb4 11. f3 Nc6 12. Be3 Be6 13. O-O-O Rc8 14. Nc5 Nd4 15. Bxd4 exd4 16. Nxe6 fxe6 17. Rxd4 Bxc3 18. bxc3 Rxc3+ 19. Kd2 Rc7 20. e5 Rd7 21. Rxd7 Nxd7 22. f4 Ke7 23. Bd3 Nc5 24. Bc2 h6 25. h4 Rd8+ 26. Ke3 b5 27. Rd1 Rxd1 28. Bxd1 Nd7 29. Kd4 Kd8 30. g4 g6 31. Bc2 Nf8 32. Kc5 Kc7 33. Be4 Nd7+ 34. Kd4 Nf8 35. g5 hxg5 36. fxg5 Kd7 37. Kc5 Kc7 38. Bc6 1-0

[Event "Augsburg"]
[Site "Augsburg GER"]
[Date "1989.??.??"]
[Round "7"]
[White "Levitt, Jonathan"]
[Black "Dobosz, Henryk"]
[Result "1-0"]
[WhiteElo "2480"]
[BlackElo "2415"]
[PlyCount "42"]
[EventDate "1989.??.??"]
[Source "www.chesslib.no"]
[SourceDate "2004.05.04"]

1. d4 d5 2. Nf3 Bf5 3. c4 e6 4. Nc3 Nc6 5. Bf4 Be7 6. h3 g5 7. Bh2 Qd7 8. e3 a6 9. Rc1 f6 10. a3 Bd6 11. Bxd6 Qxd6 12. Qb3 Nge7 13. c5 Qd7 14. Qxb7 Rb8 15. Qxa6 Rxb2 16. Bb5 O-O 17. O-O Rb8 18. Rfd1 Qe8 19. Rd2 Ra8 20. Qb7 Rxd2 21. Nxd2 Ra7 1-0